Statistics for Les Miserables Quiz

Click here to take the quiz!

General Stats

  • This quiz has been taken 159 times
  • The average score is 9 of 15

Answer Stats

HintAnswer% Correct
What is Jean Valjean's prisoner number?24601
95%
What is the name of the policeman who is after Jean Valjean?Javert
80%
Where does the musical mainly take placeFrance
76%
Who saves Marius after he is wounded in battle?Jean Valjean
73%
Who sacrifices herself for Marius?Eponine
72%
What song does Fantine sing to emphasise the downfall of her life?I Dreamed A Dream
70%
What else does Fantine sell?Her Teeth
66%
Who is the author of the novel that the musical is based on?Victor Hugo
66%
Why was Jean Valjean imprisoned?Stealing bread
61%
Who does Jean Valjean buy Cosette off?The Thenardiers
52%
Who leads the revolution?Enjolras
51%
How much money does Fantine sell her hair for?10 Francs
43%
What song does Jean Valjean sing when he buys Cosette?Suddenly
27%
When was the novel first published?1862
21%
What are the group of revolutionary students known as?Friends of the ABC
14%

Score Distribution

Percentile by Number Answered

Percent of People with Each Score

Your Score History

You have not taken this quiz